| 000 -LEADER |
| fixed length control field |
00875cam a2200265 a 4500 |
| 003 - CONTROL NUMBER IDENTIFIER |
| control field |
OSt |
| 005 - DATE AND TIME OF LATEST TRANSACTION |
| control field |
20230705175720.0 |
| 008 - FIXED-LENGTH DATA ELEMENTS--GENERAL INFORMATION |
| fixed length control field |
930811s1994 nyua 001 0 eng |
| 082 00 - DEWEY DECIMAL CLASSIFICATION NUMBER |
| Classification number |
721.028 |
| Edition number |
20 |
| 100 1# - MAIN ENTRY--PERSONAL NAME |
| Personal name |
Ramsey, Charles George, |
| Dates associated with a name |
1884-1963. |
| 240 10 - UNIFORM TITLE |
| Uniform title |
<a href="Architectural graphic standards.">Architectural graphic standards.</a> |
| 245 10 - TITLE STATEMENT |
| Title |
Architectural graphic standards. |
| 250 ## - EDITION STATEMENT |
| Edition statement |
9th ed. / |
| Remainder of edition statement |
John Ray Hoke, Jr., editor-in-chief. |
| 260 ## - PUBLICATION, DISTRIBUTION, ETC. (IMPRINT) |
| Place of publication, distribution, etc |
New York : |
| Name of publisher, distributor, etc |
J. Wiley, |
| Date of publication, distribution, etc |
1994. |
| 300 ## - PHYSICAL DESCRIPTION |
| Extent |
918 p. : |
| Other physical details |
ill. ; |
| Dimensions |
30 cm. |
| 500 ## - GENERAL NOTE |
| General note |
"The American Institute of Architects." |
| 500 ## - GENERAL NOTE |
| General note |
Includes index. |
| 500 ## - GENERAL NOTE |
| General note |
Kept up to date by supplement. |
| 650 #0 - SUBJECT ADDED ENTRY--TOPICAL TERM |
| Topical term or geographic name as entry element |
Building |
| General subdivision |
Details |
| Form subdivision |
Drawings. |
| 650 #0 - SUBJECT ADDED ENTRY--TOPICAL TERM |
| Topical term or geographic name as entry element |
Building |
| General subdivision |
Details |
| -- |
Drawings |
| -- |
Standards. |
| 700 1# - ADDED ENTRY--PERSONAL NAME |
| Personal name |
Sleeper, Harold Reeve, |
| Dates associated with a name |
1893-1960. |
| 700 1# - ADDED ENTRY--PERSONAL NAME |
| Personal name |
Hoke, John Ray, |
| Dates associated with a name |
1950- |
| 710 2# - ADDED ENTRY--CORPORATE NAME |
| Corporate name or jurisdiction name as entry element |
American Institute of Architects. |
| 942 ## - ADDED ENTRY ELEMENTS (KOHA) |
| Source of classification or shelving scheme |
|